| 000 | 01639nam0a2200325 4500 | ||
|---|---|---|---|
| 001 | RU\NLR\bibl\1708247 | ||
| 005 | 20260406042656.0 | ||
| 010 |
_a978-5-89035-572-0 _93000 |
||
| 021 |
_aRU _b2010-85623 _95722 |
||
| 035 | _a(NLR Aleph) 001699290 | ||
| 090 |
_a1210053 _c1210053 |
||
| 100 | _a20101201d2009 |||y0rusy50 ca | ||
| 101 | 0 | _arus | |
| 102 | _aRU | ||
| 105 | _aa ||||||||| | ||
| 200 | 1 |
_aЖелезнодорожный путь _eучебник для студентов техникумов и колледжей железнодорожного транспорта _fЗ. Л. Крейнис, В. О. Певзнер _gпод общ. ред. д.т.н., проф. З. Л. Крейниса |
|
| 210 |
_aМосква _cТранспортная книга _d2009 |
||
| 215 |
_a430, [1] c. _cил. _d21 |
||
| 225 | 1 |
_aСреднее профессиональное образование _iСтроительство железных дорог, путь и путевое хозяйство |
|
| 320 | _aБиблиогр.: с. 425-427 (28 назв.) | ||
| 606 | 1 |
_aЖелезнодорожный путь _jУчебники для среднего профессионального образования _91046256 _3RU\NLR\auth\66403736 |
|
| 686 | _aО211я723-1 | ||
| 700 | 1 |
_4070 _7ca _8rus _aКрейнис _bЗ. Л. _f1934- _gЗосим Лейбович _9112878 _3RU\NLR\auth\772871 |
|
| 701 | 1 |
_aПевзнер _bВ. О. _f1937- _gВиктор Ошерович _4070 |
|
| 801 | 0 |
_aRU _bNLR _c20101201 _gRCR |
|
| 801 | 1 |
_aRU _bNLR _c20101201 |
|
| 942 | _cBOOK | ||
| 980 | _aNB | ||